Environmental engineering

Enregistré dans:
Détails bibliographiques
Auteur principal: Basak, N. N.
Format: Livre
Langue:Undetermined
Publié: New York McGraw - Hill 2003
Sujets:
Tags: Ajouter un tag
Pas de tags, Soyez le premier à ajouter un tag!
Thư viện lưu trữ: Trung tâm Học liệu Trường Đại học Cần Thơ
LEADER 00496nam a2200193Ia 4500
001 CTU_95624
008 210402s9999 xx 000 0 und d
020 |c 77000 
082 |a 628 
082 |b B297 
100 |a Basak, N. N. 
245 0 |a Environmental engineering 
245 0 |c N. N. Basak 
260 |a New York 
260 |b McGraw - Hill 
260 |c 2003 
650 |a Environmental engineering 
904 |i Tuyến,Hải 
980 |a Trung tâm Học liệu Trường Đại học Cần Thơ